اتجاهات الطلبة العاديين وأولياء أمورهم نحو دمج طلبة ذوي صعوبات التعلم في الصفوف العادية = Attitudes of Ordinary Students and their Parents Towards Integrating Students with Learning Disabilities into Regular Classes / (Record no. 33646)
[ view plain ]
| 000 -LEADER | |
|---|---|
| fixed length control field | 01123nam a22001937a 4500 |
| 003 - CONTROL NUMBER IDENTIFIER | |
| control field | JO-AjAnu |
| 005 - DATE AND TIME OF LATEST TRANSACTION | |
| control field | 20240908120743.0 |
| 008 - FIXED-LENGTH DATA ELEMENTS--GENERAL INFORMATION | |
| fixed length control field | 240908b jo ||||| |||| 00| 0 ara d |
| 040 ## - CATALOGING SOURCE | |
| Original cataloging agency | JO-AjAnu |
| Transcribing agency | JO-AjAnu |
| 041 ## - LANGUAGE CODE | |
| Language code of text/sound track or separate title | ara |
| 100 #1 - MAIN ENTRY--PERSONAL NAME | |
| Personal name | بني يونس، بشار مالك بسام |
| 9 (RLIN) | 66146 |
| Relator term | معد |
| 245 #1 - TITLE STATEMENT | |
| Title | اتجاهات الطلبة العاديين وأولياء أمورهم نحو دمج طلبة ذوي صعوبات التعلم في الصفوف العادية = Attitudes of Ordinary Students and their Parents Towards Integrating Students with Learning Disabilities into Regular Classes / |
| Statement of responsibility, etc. | إعداد بشار مالك بسام بني يونس ؛ إشراف خالد احمد عبيدات |
| 260 ## - PUBLICATION, DISTRIBUTION, ETC. | |
| Date of publication, distribution, etc. | 2024 |
| 300 ## - PHYSICAL DESCRIPTION | |
| Extent | 106ورقة |
| 500 ## - GENERAL NOTE | |
| General note | رسالة جامعية (ماجستير) .- جامعة عجلون الوطنية (عجلون، الأردن)، كلية العلوم التربوية قسم تخصص صعوبات التعلم، 2024 |
| 650 70 - SUBJECT ADDED ENTRY--TOPICAL TERM | |
| Topical term or geographic name entry element | دمج ذوي صعوبات التعلم |
| 9 (RLIN) | 66147 |
| 700 #1 - ADDED ENTRY--PERSONAL NAME | |
| Personal name | عبيدات، خالد احمد |
| 9 (RLIN) | 65487 |
| Relator term | مشرف |
| 942 ## - ADDED ENTRY ELEMENTS (KOHA) | |
| Source of classification or shelving scheme | Library of Congress Classification |
| Koha item type | Thesis |
| Suppress in OPAC | No |
| Withdrawn status | Lost status | Source of classification or shelving scheme | Damaged status | Not for loan | Home library | Current library | Date acquired | Total Checkouts | Full call number | Barcode | Date last seen | Price effective from | Koha item type |
|---|---|---|---|---|---|---|---|---|---|---|---|---|---|
| Library of Congress Classification | مكتبة جامعة عجلون الوطنية | مكتبة جامعة عجلون الوطنية | 08/09/2024 | LC1200 2024 | A29999 | 08/09/2024 | 08/09/2024 | Thesis | |||||
| Library of Congress Classification | مكتبة جامعة عجلون الوطنية | مكتبة جامعة عجلون الوطنية | 08/09/2024 | LC1200 2024 | A29998 | 08/09/2024 | 08/09/2024 | Thesis |